Is your country experiencing the worst day now? - Statistics

General Stats
  • This quiz has been taken 17 times
  • The average score is 3 of 5
Answer Stats
Hint Answer % Correct
Attacked by three countries, Lebanon, Palestinian Territories ( not full recognized) and Iran Israel
100%
WORTH IT USA United States
79%
Extreme bombs dropped and massive rain and a bomb landed near one of the most busiest airports UAE
64%
Massive rain and nukes dropped Kuwait
43%
Attacked forever until the Iranian crisis stop and extreme rain Bahrain
36%
No matching quizzes found
Score Distribution
Percent of People with Each Score
Percentile by Number Answered
Your Score History
You have not taken this quiz